000
00371nam a22001577a 4500
003
MPLRDC
005
20220104123953.0
008
210129b ||||| |||| 00| 0 eng d
082
_a
030.37 FMZ
100
_a
冯明之
245
_a
基本国学教程
_c
260
_a
_b
香港上海书局
_c
1960
300
_b
平
650
_a
汉学总论
942
_c
BK
_o
030.37 FMZ
999
_c
15630
_d
15620